| 000 | 02849nam a2200277 4500 | ||
|---|---|---|---|
| 005 | 20250329165444.0 | ||
| 008 | 190415s2023 000 0 eng d | ||
| 040 |
_aCO-CtgCURN _bspa _ccoctgcurn |
||
| 082 | 0 |
_aINQ 2023 _bC824 |
|
| 100 | 1 | _aCorrea Cosme, Heidy Vanessa. | |
| 245 | 1 | 0 |
_aPosicionamiento laboral de los egresados del programa de Instrumentación Quirúrgica de la Corporación Universitaria Rafael Núñez : _bEntre el I-P DE 2019 AL ll-P 2022 / _cHeidy Vanessa Correa Cosme; Valeria Johana Berrio Rhenals; Jhandris Carolina Buelvas Pérez; Angelica María Cárdenas Cancino; asesor: Paola Acevedo Calvo; asesor: Álvaro Quintana Salcedo; asesor: Jaime Lorduy Gómez. |
| 260 |
_aCartagena de Indias : _bCorporación Universitaria Rafael Nuñez, _c2023. |
||
| 300 | _a81 hojas. | ||
| 504 | _aTrabajo de grado (Instrumentación quirúrgica). Corporación Universitaria Rafael Nuñez. Facultad de Ciencias de la Salud. Instrumentación Quirúrgica, 2023. | ||
| 520 | _a"Uno de los fines de esta investigación es la caracterización actual del egresado del programa de instrumentación quirùrgica, de acuerdo a su condición social y laboral, teniendo en cuenta sus áreas de desempeño. La Instrumentación Quirúrgica es una profesión del área de la salud, reglamentada por la Ley 784 de 2002, cuyo ejercicio requiere título de idoneidad universitaria, basada en una formación científica, técnica y humanística, docente e investigativa y cuya función es la planeación organización, dirección, ejecución supervisión y evolución de las actividades que competen al Instrumentador Quirúrgico Profesional como parte integral del equipo de salud. Brinda atención segura al paciente quirúrgico dentro y fuera del quirófano, mediante la aplicación de conocimientos científicos, técnicos y tecnolgicos en intervenciones invasivas y no invasivas, procesos de esterilización, aplicación de normas universales de bioseguridad, salud pública, saneamiento ambiental, planeación, organización, administración del talento humano, del recurso físico y técnolgico enmarcados dentro de las normas y principios Éticos, orientados hacia el servicio social." | ||
| 650 | 0 |
_aInstrumentación quirúrgica _vTesis y disertaciones academicas. |
|
| 700 | 1 | _aBerrio Rhenals, Valeria Johana. | |
| 700 | 1 | _aBuelvas Pérez, Jhandris Carolina. | |
| 700 | 1 | _aCárdenas Cancino, Angelica María . | |
| 700 | 1 |
_aAcevedo Calvo, Paola, _edirector. |
|
| 700 | 1 |
_aQuintana Salcedo, Álvaro , _easesor. |
|
| 700 | 1 |
_aLorduy Gómez, Jaime, _easesor. |
|
| 856 |
_uhttps://unicurn.sharepoint.com/:b:/s/biblioteca/EZMhupd6FANPg6vj_NZlHKYBWpAhaKIvS7yXNsqytQkfjQ?e=WWmSbH _zClick aqui para ver el recurso en texto completo |
||
| 942 |
_2ddc _cTG _hINQ 2023 _iC824 |
||
| 999 |
_c4614 _d4614 |
||